Tribhuvan University Central Library

Introducing quantitative geography; measurement, methods and generalised linear models (Record no. 15512)

MARC details
000 -LEADER
fixed length control field 007060000a22002650004500
082 ## - DEWEY DECIMAL CLASSIFICATION NUMBER
Classification number 910.0151
Item number Ob1i
020 ## - INTERNATIONAL STANDARD BOOK NUMBER
International Standard Book Number 0-415-07558-0
041 ## - LANGUAGE CODE
Language code of text/sound track or separate title Eng
100 ## - MAIN ENTRY--PERSONAL NAME
Personal name O'Brien, Larry
245 ## - TITLE STATEMENT
Title Introducing quantitative geography; measurement, methods and generalised linear models
260 ## - PUBLICATION, DISTRIBUTION, ETC. (IMPRINT)
Place of publication, distribution, etc London
Name of publisher, distributor, etc Routledge, USA
260 ## - PUBLICATION, DISTRIBUTION, ETC. (IMPRINT)
Date of publication, distribution, etc 1992
300 ## - PHYSICAL DESCRIPTION
Extent xvi,356p.
Other physical details illus
440 ## - SERIES STATEMENT/ADDED ENTRY--TITLE
Title Geography and environment series
500 ## - GENERAL NOTE
General note Bibliography: p.335-349
518 ## - DATE/TIME AND PLACE OF AN EVENT NOTE
Date/time and place of an event note 980821
530 ## - ADDITIONAL PHYSICAL FORM AVAILABLE NOTE
Additional physical form available note M
650 ## - SUBJECT ADDED ENTRY--TOPICAL TERM
Topical term or geographic name as entry element Geography
650 ## - SUBJECT ADDED ENTRY--TOPICAL TERM
Topical term or geographic name as entry element Geographical data
650 ## - SUBJECT ADDED ENTRY--TOPICAL TERM
Topical term or geographic name as entry element Data processing
650 ## - SUBJECT ADDED ENTRY--TOPICAL TERM
Topical term or geographic name as entry element Measuring methods
650 ## - SUBJECT ADDED ENTRY--TOPICAL TERM
Topical term or geographic name as entry element Environmental sciences
650 ## - SUBJECT ADDED ENTRY--TOPICAL TERM
Topical term or geographic name as entry element Mathematics
942 ## - ADDED ENTRY ELEMENTS (KOHA)
Koha item type General Collections
Holdings
Withdrawn status Lost status Damaged status Not for loan Home library Current library Date acquired Total Checkouts Barcode Date last seen Price effective from
        Tribhuvan University Central Library Tribhuvan University Central Library 06/20/2010   115525 06/20/2010 06/20/2010